000 00357nam a2200157Ia 4500
008 210210b1937 xxu||||| |||| 00| 0 eng d
041 _aeng
082 _a570/15
100 _aELLIS (M A)
245 _aHuman ear
260 _aLondon
_bAdam and Charles Black
_c1937
650 _aHuman
650 _aear
690 _aHuman Physiology
906 _a010207
999 _c137975
_d137975